| 000 | 00561nam a22001697a 4500 | ||
|---|---|---|---|
| 999 |
_c61116 _d61116 |
||
| 005 | 20231220153223.0 | ||
| 008 | 231220s1964 ru ||||| |||| 00| 0 rus d | ||
| 041 | _arus | ||
| 080 | _a821.14-31 Г-91 | ||
| 100 |
_aГелиодор _920808 |
||
| 245 |
_aЭфиопика / _c Гелиодор. |
||
| 264 |
_aМ.: _b Художественная литература, _c1964 г. |
||
| 300 |
_a374 с.; _b21 см. |
||
| 440 |
_aБиблиотека античной литературы _920427 |
||
| 653 | _aეთიოპია | ||
| 942 |
_2udc _cᲬᲘᲒᲜᲘ |
||